<An> introduction to intercultural communication identities in a global community
Saved in:
| Main Author: | |
|---|---|
| Format: | Book |
| Language: | English |
| Published: |
Thousand Oaks
SAGE Publications
2004
|
| Edition: | 4th ed. |
| Subjects: | |
| Tags: |
No Tags, Be the first to tag this record!
|
MARC
| LEADER | 00000nam$a2200000$$$4500 | ||
|---|---|---|---|
| 001 | 0068999 | ||
| 005 | 20240311125312.4 | ||
| 020 | |a 0-7619-2847-2 | ||
| 041 | 0 | |a eng | |
| 044 | |a US | ||
| 245 | 1 | 0 | |a <An> introduction to intercultural communication |b identities in a global community |c Fred E. Jandt |
| 250 | |a 4th ed. | ||
| 264 | 1 | |a Thousand Oaks |b SAGE Publications |c 2004 | |
| 300 | |a 462 s. | ||
| 610 | 2 | 0 | |a komunikácia multikultúrna |
| 610 | 2 | 0 | |a kultúra |
| 610 | 2 | 0 | |a štúdie prípadové |
| 610 | 2 | 0 | |a vzťahy medzinárodné |
| 610 | 2 | 0 | |a bariéry konkurenčné |
| 610 | 2 | 0 | |a komunikácia neverbálna |
| 610 | 2 | 0 | |a jazyk štátny |
| 610 | 2 | 0 | |a žena a rodina |
| 610 | 2 | 0 | |a deti |
| 610 | 2 | 0 | |a imigrácia |
| 610 | 2 | 0 | |a história |
| 610 | 2 | 0 | |a identita |
| 610 | 2 | 0 | |a diskriminácia |
| 610 | 2 | 0 | |a globalizácia |
| 100 | 1 | |a Jandt, Fred E. | |